FIFTH DISCIPLINE ORGANISATIONAL LEARNING (Record no. 34950)
[ view plain ]
| 000 -LEADER | |
|---|---|
| fixed length control field | 00286nam a2200121Ia 4500 |
| 008 - FIXED-LENGTH DATA ELEMENTS--GENERAL INFORMATION | |
| fixed length control field | 240625s9999 xx 000 0 und d |
| 041 ## - LANGUAGE CODE | |
| Language code of text/sound track or separate title | eng |
| 082 ## - DEWEY DECIMAL CLASSIFICATION NUMBER | |
| Classification number | 658.4012 HRD |
| 100 ## - MAIN ENTRY--PERSONAL NAME | |
| Personal name | MULTIMEDIA HRD |
| 245 ## - TITLE STATEMENT | |
| Title | FIFTH DISCIPLINE ORGANISATIONAL LEARNING |
| 260 ## - PUBLICATION, DISTRIBUTION, ETC. | |
| Date of publication, distribution, etc. | 2013 |
| 365 ## - TRADE PRICE | |
| Currency code | RS |
| Withdrawn status | Lost status | Damaged status | Not for loan | Home library | Current library | Shelving location | Date acquired | Cost, normal purchase price | Full call number | Barcode | Date last seen | Copy number | Price effective from | Koha item type |
|---|---|---|---|---|---|---|---|---|---|---|---|---|---|---|
| IMTN | IMTN | Rack 28-B | 04/24/2014 | 11950.00 | 658.4012 HRD | CD1978 | 06/25/2024 | 1 | 06/25/2024 | CD |